Thewinningflash Quizzes 2 - Statistics

General Stats
  • This quiz has been taken 6 times
  • The average score is 5 of 10
Answer Stats
Question Answer % Correct
Who Owns Greenland Denmark
100%
Biggest Country Russia
100%
What App Is Like Fall Guys and also popular Stumble Guys
67%
Smallest Country Vatican City
67%
What Quiz Is This? 2
33%
What Is The roblox style of avatar you haven when making an account Bacon
33%
What Roblox Game Has Fruits And Is Really Pupular Blox Fruits
33%
What Roblox Game Has Entities such as: Seek,Figure,Eyes,Halt,Rush. Doors
33%
What Website Has Quizzes But Not Jetpunk Sporcle
33%
Who’s Capital Is on an island but rest if it’s land is mainland. Equatorial Guinea
0%
No matching quizzes found
Score Distribution
Percent of People with Each Score
Percentile by Number Answered
Your Score History
You have not taken this quiz